000 00496nam a2200169Ia 4500
999 _c36317
_d36317
003 OSt
005 20201221110408.0
008 190216s9999||||xx |||||||||||||| ||und||
040 _coclc
082 _a031
_bLEV/T
100 _aLevey, Judith S
_97713
245 4 _aThe Penguin Concise Columbia Encyclopedia /
_cJudith S Levey
260 _bPenguin Books,
_c1987.
_aEngland:
300 _a950p
650 _aGeneral Collections
942 _cREF
_2ddc
_h031
_iLEV/T
_k031
_mLEV/T